| 000 | 00583nam a22001697a 4500 | ||
|---|---|---|---|
| 008 | 161005b xxu||||| |||| 00| 0 eng d | ||
| 020 | _a0199357178 | ||
| 040 |
_aKABU _cKABU |
||
| 050 |
_aML3790 _b.B87 2014 C.1 |
||
| 100 | _aBurgess, Richard James | ||
| 245 | _aThe history of music production | ||
| 300 | _axiv, 245 p. | ||
| 650 |
_2Sound recordings industry _xHistory |
||
| 650 |
_2Sound recordings industry _vHistory _xProduction and direction _xHistory |
||
| 650 |
_2Sound _xRecording and reproducing _xHistory |
||
| 942 |
_2lcc _cBK _hML3790 .B87 2014 C.1 |
||
| 999 |
_c16142 _d16142 |
||